Lénie - J'ai plus peur (Paroles) - Statistiques

Statistiques générales
  • Ce quiz a été pris 129 fois
  • Le résultat moyen est 185 sur 273
Statistiques - réponses
Paroles % Correct
à
95%
À
95%
de
95%
De
95%
j'ai
93%
J'ai
93%
ce
92%
peur
92%
plus
92%
ces
90%
Ces
90%
En
90%
en
90%
me
86%
Me
86%
C'est
85%
c'est
85%
libre
85%
sentir
85%
Aujourd'hui
83%
envie
83%
que
83%
qu'une
83%
ma
80%
75%
ou
75%
Il
73%
te
73%
dans
69%
penser
69%
pour
69%
Pour
69%
faudrait
66%
tout
66%
trop
66%
j'arrête
64%
Je
64%
je
64%
la
63%
La
63%
tête
63%
ah
59%
Ah
59%
Ah-ah-ah
59%
enfin
59%
avancer
58%
toute
58%
vivre
58%
sans
56%
Et
53%
ça
51%
Ça
51%
doute
51%
moments
49%
fois
47%
juste
47%
pu
47%
pas
46%
qui
46%
dire
44%
tomber
44%
tu
44%
les
42%
Si
42%
si
42%
toutes
41%
du
39%
J'repense
39%
Mais
39%
cases
37%
celle
37%
Celle
37%
cherché
37%
donné
37%
j'imagine
37%
tant
37%
toi
37%
trouvé
37%
veux
37%
choses
36%
J'aimerai
36%
potentiel
36%
sais
36%
chanter
34%
devenir
34%
modifier
34%
rentrer
34%
fou
32%
libérer
32%
porte
32%
s'affirme
32%
savoir
32%
trouver
32%
détiens
31%
paraît
31%
place
31%
secours
31%
suite
31%
crois
29%
encore
29%
m'aimer
29%
m'abîme
27%
source
27%
fais
25%
idées
25%
aligné
24%
chemin
24%
vérité
24%
viendra
24%
s'est
22%
t'y
22%
dépend
20%
penses
20%
tard
20%
tôt
20%
l'effort
19%
malgré
19%
Ouh-ouh-ouh
19%
efforts
17%
j'connais
17%
désirent
15%
qu'ils
15%
d'tes
10%
Aucun quiz correspondant
Distribution des résultats
% des personnes avec chaque résultat
Percentile par nombre de réponses
Votre historique - résultats
Vous n’avez pas pris ce quiz